|
|
|
|
| LEADER |
00000nam a2200000 a 4500 |
| 001 |
vtls001381770 |
| 003 |
SK-MaSNL |
| 005 |
20260301161406.0 |
| 008 |
160415s1997 xo ab r y 0 eng |
| 015 |
|
|
|a SNBE2000/02-00482
|
| 020 |
|
|
|a 8080430349
|
| 035 |
|
|
|a SNK000335802
|
| 040 |
|
|
|a SNK
|b slo
|c SNK
|e AACR2
|
| 041 |
0 |
|
|a eng
|
| 044 |
|
|
|a xo
|c SK
|
| 080 |
|
|
|a 904(437.657):728.8(083.9)=20
|2 1981
|
| 080 |
|
|
|a 728.8
|2 1981
|
| 110 |
1 |
|
|a Kremnica (Slovensko : hrad)
|4 aut
|9 160405
|
| 245 |
1 |
4 |
|a The Charnel House of the Town Castle Kremnica
|c compiled by Naďa Šuňová ; photographs by Filip Lašut
|
| 260 |
|
|
|a Kremnica
|b Museum of Coins and Medals
|c 1997
|
| 300 |
|
|
|a 1 skladačka ([6] s.)
|b fareb. fotogr.
|c 21x10 cm
|
| 610 |
1 |
7 |
|a Kremnica (Slovensko : hrad)
|9 160405
|
| 650 |
0 |
7 |
|a hrady
|z Slovensko
|x pamiatky kultúrne
|x spravodaje
|2 SNK
|9 460842
|
| 651 |
|
7 |
|a Žiar nad Hronom (Slovensko : okres)
|2 SNK
|9 17733
|
| 655 |
|
7 |
|a informačné publikácie
|2 SNK
|9 70181
|
| 655 |
|
7 |
|a spravodajca
|2 SNK
|9 418917
|
| 700 |
1 |
|
|a Šeňová, Nadežda
|4 com
|9 47137
|
| 700 |
1 |
|
|a Lašut, Filip,
|d 1945-2012
|4 fot
|9 151668
|
| 710 |
0 |
|
|a Múzeum mincí a medailí v Kremnici
|4 aut
|9 32293
|
| 710 |
0 |
|
|a Múzeum mincí a medailí v Kremnici
|4 vyd
|9 32293
|
| 919 |
|
|
|a 80-8043-034-9
|
| 958 |
|
|
|a TL
|
| 999 |
|
|
|c 809269
|d 811199
|
| 952 |
|
|
|t P60, <03>, [BOOK], {603}
|a SNK
|b SNK
|y PREZ
|7 0
|p 17A0226440
|o snkOSC 20552
|i snkKSP 1290/2000
|0 0
|1 0
|4 0
|d 2000-01-28
|l 0
|r 2005-01-02 00:00:00
|w 2026-02-24
|
| 952 |
|
|
|t P60, <04>, [BOOK], {604}
|a SNK
|b SNK
|y VYP
|7 0
|p 17A0226441
|o snkOSC 20552 D1
|i snkKSP 1291/2000
|0 0
|1 0
|4 0
|d 2000-01-28
|l 0
|r 2005-01-02 00:00:00
|w 2026-02-24
|